000 00904nam a2200205 a 4500
001 000041373
005 20250701121839.0
008 130705s2006 dr 000 0 spa d
040 _aDO-SdBNP
_bspa
_cBNPHU
111 2 _aForo Presidencial por la Excelencia de la Educación
_d(2006 :
_cSanto Domingo)
_956821
245 1 0 _aTendencias recientes en la educación superior /
_ccoordinadora José Agustín de Miguel, Indira de Jesús.
260 _aSanto Domingo :
_bSEESCyT,
_c2006.
300 _a24 p. ;
_c22 cm.
490 1 _aMesas de trabajo de la SEESCyT
504 _aIncluye referencias bibliográficas y notas al pie de las páginas
700 1 _aMiguel, José Agustín de
_ecoor.
_965041
700 1 _aJesús, Indira de
_ecoor.
_968025
710 1 _aRepública Dominicana.
_bSecretaría de Estado de Educación Superior, Ciencia y Tecnología
_918778
830 0 _aMesas de trabajo de la SEESCyT
_965706
999 _c40863
_d40863